Spell the Marvel Hero #67 - Statistics

General Stats
  • This quiz has been taken 15 times
  • The average score is 11 of 12
Answer Stats
Picture Answer % Correct
Doctor Strange
100%
Iron Fist
100%
Punisher
100%
Elektra
93%
Nightcrawler
93%
Okoye
93%
War Machine
93%
Rogue
86%
Medusa
79%
Silk
79%
Spider-Woman
79%
Arana
71%
No matching quizzes found
Score Distribution
Percent of People with Each Score
Percentile by Number Answered
Your Score History
You have not taken this quiz